000 00276nam a2200109Ia 4500
001 588629
005 20250717120835.0
008 250717s9999 xx 000 0 und d
245 0 _aV-5 KOŞAMAYAN KIZILDERELİ
_cLEIGH SAUERWEIN
260 _bERDEM YAYINLARI
_c2017
300 _b94
999 _c588629
_d588629